Elementos que son gases a temperatura ambiente - Estadísticas

Estadísticas generales
  • Esta prueba ha sido intentada 2.159 veces
  • La puntuación promedio es 8 de 11
Estadísticas de respuestas
Elemento % Correcto
Oxígeno
93%
Helio
90%
Hidrógeno
89%
Nitrógeno
83%
Xenón
77%
Argón
75%
Neón
74%
Radón
66%
Kriptón
63%
Flúor
52%
Cloro
46%
No se encontraron pruebas coincidentes
Distribución de puntuación
Porcentaje de gente con cada puntuación
Porcentaje por número respondido
Historial de tus puntuaciones
No has intentado esta prueba.